| 000 | 01128nas a2200349 4500 | ||
|---|---|---|---|
| 001 | BR2017000212 | ||
| 003 | BR-BrBNA | ||
| 005 | 20231205130823.0 | ||
| 007 | ta | ||
| 008 | 230509b bl.|||p| |||| 00| 00por d | ||
| 040 |
_aBR-BrBNA _bpor _cBiblioteca Nacional de Agricultura |
||
| 041 | _a(Pt) | ||
| 072 | _aK10 | ||
| 100 | 1 | _aFerreira, T. de S. | |
| 100 | 1 | _aHiguchi, P. | |
| 100 | 1 | _aSilva, A.C. | |
| 100 | 1 | _aMantovani, A. | |
| 100 | 1 | _aMarcon, A.K. | |
| 100 | 1 | _aSalami, B. | |
| 100 | 1 | _aBuzzi Junior, F. | |
| 100 | 1 | _aAnsolin, R.D. | |
| 100 | 1 | _aBento, M.A. | |
| 100 | 1 | _aRosa, A.D. | |
| 245 | 1 | _aDistribuição e riqueza de espécies arbóreas raras em fragmentos de floresta ombrófila mista ao longo de um gradiente altitudinal em Santa Catarina | |
| 650 | _aPESQUISA FLORESTAL | ||
| 650 | _aARAUCÁRIA | ||
| 650 | _aSANTA CATARINA | ||
| 773 | 0 |
_tRevista Árvore (Brazil) _xISSN 1806-9088 _g(May-Jun 2015), v. 39(3) p. 447-455 _wBR2017000212 |
|
| 856 | 4 | 0 | _uhttp://www.scielo.br/pdf/rarv/v39n3/0100-6762-rarv-39-03-0447.pdf |
| 909 |
_a202311 _bLúcia _c55 _dLúcia Elande |
||
| 942 |
_2AGRIS _n0 _cANA |
||
| 999 |
_c251454 _d251454 |
||